AK’s General Knowledge A-Z #80 - Statistics

General Stats
  • This quiz has been taken 273 times
  • The average score is 15 of 26
Answer Stats
Hint Answer % Correct
T – sport also known as ping-pong and whiff-whaff Table tennis
92%
H – to let someone off the ____ Hook
88%
G – Leader of the Soviet Union 1985–1991 Mikhail Gorbachev
85%
F – follows there, precedes sight Fore
75%
Z – zero, no, nothing Zilch
72%
R – a chain or range of rocks, sand, or coral lying at or near the surface of the water Reef
69%
S – playground equipment, or what can be done both ways Swing
69%
P – first name of Dune protagonist, or apostle who started out persecuting the early disciples of Jesus but saw the light when his sight was restored by Ananias of Damascus Paul
68%
I – 2004 animated film about the family of Bob and Helen Parr, a couple of superheroes The Incredibles
68%
E – the landlocked country with the largest population Ethiopia
67%
M – the oldest capital city in the Americas (originally built around 1325) Mexico City
65%
O – the 2nd largest software company in the world, or a prophet like the priestess at Delphi Oracle
65%
W – Muddy ______, stage name of McKinley Morganfield, the father of the Chicago blues Waters
64%
A – capital of the U.S. state that borders Pennsylvania and Vermont Albany
61%
V – ______ of the Dolls, novel by Jacqueline Susann; the Swedish translation is Dockornas dal Valley
59%
L – Vivien who played Scarlett O’Hara in Gone with the Wind Leigh
58%
U – French video game company; the name includes the opposite of hard Ubisoft
51%
C – to wrap protectively, or a bed for a baby Cradle
49%
D – Don in Mad Men Draper
44%
Y – Shanghai-born Ming who was named to the All-NBA Team five times Yao
42%
N – former Indian Prime Minister Jawaharlal Nehru
41%
J – Portuguese form of the name John, or Brazilian city ____ Pessoa João
39%
B – person who is functionally incapacitated from extreme nervousness, emotional distress, etc., or 1994 song by Green Day Basket Case
29%
K – astronomer and author of Somnium, one of the first sci-fi novels Johannes Kepler
25%
Q – a town in France; “Kemper” in Breton language Quimper
17%
X – an Android-based operating system, or A_L R__E XOS
16%
No matching quizzes found
Score Distribution
Percent of People with Each Score
Percentile by Number Answered
Your Score History
You have not taken this quiz